| 000 | 00472nam a2200181Ia 4500 | ||
|---|---|---|---|
| 003 | GCL | ||
| 008 | 140319s9999 xx 000 0 eng d | ||
| 040 |
_aGCL / _cGCL |
||
| 082 | 0 | 4 |
_a792 _bT J |
| 100 | 1 | _aTEISSIER, GUY | |
| 245 | 1 | 0 |
_aJEAN GIRAUDOUX: THEATRE COMPLET / _cTEISSIER, GUY |
| 260 |
_a[S.N] : _bLE LIVRE DE POCHE ، _c1991 |
||
| 300 | _a1274 P | ||
| 490 |
_aLE LIVRE DE POCHE _v0 |
||
| 650 | 0 | 4 | _aLITERATURE |
| 650 | 0 | 4 | _aFRENCH LITERATURE |
| 942 |
_2ddc _cBK |
||
| 999 |
_c22375 _d22375 |
||